| 000 | 01837nam a22003497i 4500 | ||
|---|---|---|---|
| 999 |
_c23145 _d23145 |
||
| 003 | AR-CdUCM | ||
| 008 | 241212b20232023 pe||||| |||| 00| 0 spa d | ||
| 020 | _a798-612-00-8523-3 | ||
| 040 |
_aMUNICIPALIDAD PROVINCIAL DEL CUSCO _cBIBLIOTECA MUNICIPAL DEL CUSCO |
||
| 041 | _hspa | ||
| 082 |
_a726.6098562 / C77 _bC77 |
||
| 100 |
_aCopa Paucar, Mario / (autor-editor) _950885 |
||
| 245 | _aLa Ruta del Qhapaq Ñan y la Arquitectura Barroca Puneña / | ||
| 260 |
_aCusco : _c2023 |
||
| 300 |
_a199 páginas. : _c29 cm. |
||
| 500 | _zBibliografía: página 155. | ||
| 505 | _aEl Qhapaq Ñan del Qollasuyu: Puno-Desaguadero -- La iglesia Barroca San Francisco de Asís de Ayaviri -- El Barroco mestizo de la iglesia de Pucara -- El Barroco del templo de San Gerónimo de Asilo -- El Barroco de la iglesia blanca de Santa Catalina -- El Barroco en la iglesia de Paucarcolla -- El Barroco Churrigueresco de la iglesia San Miguel de Ilave -- La iglesia de los arcos de Santa Barbara de Ilave -- La basílica catedral de San Carlos de Puno -- La Roma Aymara Santa cruz de Jerusalén en Juli -- Iglesia Barroca de la Asunción de Chucuito -- La iglesia Santiago apóstol de Pomata -- La iglesia San Miguel de Pomata -- La iglesia San Sebastián de Zepita -- Iglesia San Pedro y San Pablo de Zepita | ||
| 650 |
_aCaminos _927474 |
||
| 650 |
_aArte _9561 |
||
| 650 |
_aArquitectura _93356 |
||
| 650 |
_aReligión _91195 |
||
| 650 |
_aBarroca _950855 |
||
| 650 |
_aCatedral _941193 |
||
| 650 |
_aIglesia _91428 |
||
| 700 |
_aAguilar Bruna, Valia Lucero _950856 |
||
| 700 |
_aTevez Miranda, Kelly Joselin _950857 |
||
| 700 |
_aCanaza Paucara, Jhostyn Johan _950858 |
||
| 700 |
_aHuanacuni Miranda, Alex Giovani _950859 |
||
| 700 |
_aJacinto Encinas, Marialeydi _950860 |
||
| 942 |
_2ddc _cLIBROS |
||
| 945 |
_apbj _d12-12-2024 |
||